[Event "Mecklenburg VP LL2 Ost 2223"]
[Site "Mecklenburg VP"]
[Date "2023.05.07"]
[Round "9.1"]
[White "Lassan, Christian"]
[Black "Westphal, Wolfgang"]
[Result "1-0"]
[WhiteElo "2136"]
[BlackElo "2175"]
[PlyCount "49"]
[EventDate "2022.10.23"]
[EventType "team-tourn"]
[EventRounds "9"]
[EventCountry "GER"]
[SourceTitle "EXT 2024"]
[Source "ChessBase"]
[SourceDate "2023.10.10"]
[SourceVersion "1"]
[SourceVersionDate "2023.10.10"]
[SourceQuality "1"]
[WhiteTeam "Waren"]
[BlackTeam "Graal Mueritz"]
[WhiteTeamCountry "GER"]
[BlackTeamCountry "GER"]

1. e4 d5 2. exd5 Qxd5 3. Nc3 Qa5 4. d4 c6 5. Bc4 Nf6 6. Bd2 Qb6 7. Nf3 Bg4 8. Bxf7+ Kxf7 9. Ne5+ Ke8 10. Nxg4 Qxd4 11. Nxf6+ exf6 12. Qe2+ Qe5 13. Qxe5+ fxe5 14. 0-0-0 Nd7 15. Rhe1 Be7 16. Ne4 Kf7 17. Bc3 Rad8 18. Nd6+ Bxd6 19. Rxd6 Ke7 20. Rd3 Rhf8 21. f3 Ke6 22. Red1 Rf7 23. Rd6+ Ke7 24. Bb4 Ke8 25. Re6+ 1-0

[Event "Mecklenburg VP LL2 Ost 2223"]
[Site "Mecklenburg VP"]
[Date "2023.01.15"]
[Round "5.1"]
[White "Alder, Bodo"]
[Black "Lassan, Christian"]
[Result "0-1"]
[WhiteElo "2002"]
[BlackElo "2136"]
[PlyCount "76"]
[EventDate "2022.10.23"]
[EventType "team-tourn"]
[EventRounds "9"]
[EventCountry "GER"]
[SourceTitle "EXT 2024"]
[Source "ChessBase"]
[SourceDate "2023.10.10"]
[SourceVersion "1"]
[SourceVersionDate "2023.10.10"]
[SourceQuality "1"]
[WhiteTeam "Binz Therme Ruegen"]
[BlackTeam "Waren"]
[WhiteTeamCountry "GER"]
[BlackTeamCountry "GER"]

1. e4 e6 2. d3 d5 3. exd5 exd5 4. Nf3 Bd6 5. Be2 Qf6 6. Nbd2 Ne7 7. Nf1 Nbc6 8. c3 0-0 9. Ng3 Re8 10. 0-0 Nf5 11. Re1 Nxg3 12. hxg3 h6 13. Bd2 Ne7 14. Qa4 c6 15. Nh2 Bf5 16. Nf1 Qg6 17. Qc2 Bd7 18. Bf4 Bxf4 19. gxf4 Nf5 20. d4 Nxd4 21. Qxg6 Nxe2+ 22. Rxe2 fxg6 23. Rae1 Rxe2 24. Rxe2 Re8 25. Rxe8+ Bxe8 26. Nd2 Kf7 27. f3 Kf6 28. Kf2 Kf5 29. Ke3 c5 30. g3 h5 31. Nf1 g5 32. fxg5 Kxg5 33. Kf2 Kf5 34. Ke3 g5 35. g4+ hxg4 36. Ng3+ Ke5 37. fxg4 Bd7 38. Kf3 d4 0-1

[Event "Berlin-ch MT"]
[Site "Berlin"]
[Date "2018.04.05"]
[Round "6"]
[White "Lassan, Christian"]
[Black "Lachmann, Utz"]
[Result "1/2-1/2"]
[WhiteElo "2117"]
[BlackElo "2179"]
[PlyCount "57"]
[EventDate "2018.03.31"]
[EventType "swiss"]
[EventRounds "9"]
[EventCountry "GER"]
[SourceTitle "EXT 2020"]
[Source "ChessBase"]
[SourceDate "2019.10.17"]
[SourceVersion "1"]
[SourceVersionDate "2019.10.17"]
[SourceQuality "1"]

1. e4 c6 2. Nc3 d5 3. Nf3 dxe4 4. Nxe4 Nf6 5. Qe2 Bf5 6. Nxf6+ gxf6 7. d3 Nd7 8. g3 e5 9. Bg2 Qc7 10. 0-0 0-0-0 11. Nh4 Be6 12. f4 Bc5+ 13. Kh1 Rhe8 14. f5 Bd5 15. c3 a5 16. Bd2 Qd6 17. Be4 Nb6 18. b4 axb4 19. cxb4 Bxb4 20. Bxb4 Qxb4 21. Rab1 Qa5 22. Qb2 Kc7 23. Rf3 Rd7 24. Ng2 Rb8 25. Ne3 h5 26. Rf2 Qc5 27. Nxd5+ Nxd5 28. Rc2 Qd4 29. Qb3 1/2-1/2

[Event "Berlin-ch MT"]
[Site "Berlin"]
[Date "2018.04.04"]
[Round "5"]
[White "Lassan, Christian"]
[Black "Meyer Dunker, Paul"]
[Result "1-0"]
[WhiteElo "2117"]
[BlackElo "1990"]
[PlyCount "121"]
[EventDate "2018.03.31"]
[EventType "swiss"]
[EventRounds "9"]
[EventCountry "GER"]
[SourceTitle "EXT 2020"]
[Source "ChessBase"]
[SourceDate "2019.10.17"]
[SourceVersion "1"]
[SourceVersionDate "2019.10.17"]
[SourceQuality "1"]

1. Nf3 d5 2. c4 dxc4 3. e3 Nf6 4. Na3 a6 5. Nxc4 e6 6. Be2 b5 7. Nce5 Bb7 8. b3 Rg8 9. Bb2 g5 10. h4 h6 11. hxg5 hxg5 12. Nxf7 Kxf7 13. Ne5+ Kg7 14. Ng4 Nbd7 15. Nxf6 Nxf6 16. Qc2 Rh8 17. Rxh8 Kxh8 18. Qg6 Bg7 19. 0-0-0 Be4 20. Rh1+ Kg8 21. Qxg5 Ne8 22. Qg3 Qd6 23. Qxd6 cxd6 24. Bxg7 Kxg7 25. d3 Bg6 26. Kd2 Rc8 27. Rh4 a5 28. b4 Nc7 29. a4 bxa4 30. bxa5 Be8 31. Rc4 Bb5 32. Rc3 Bd7 33. Bd1 Kf6 34. Kc1 a3 35. Kb1 Nb5 36. Rxc8 Bxc8 37. Bb3 Bb7 38. f3 Nc3+ 39. Kc2 a2 40. Kb2 e5 41. e4 Kg5 42. g3 Kf6 43. Bc4 Ke7 44. Ka1 Bc6 45. Kb2 Kd8 46. Ka1 Ne2 47. f4 Nxf4 48. gxf4 exf4 49. Kxa2 f3 50. Kb2 f2 51. d4 Bxe4 52. Bf1 Kc7 53. Kc3 Bb7 54. Kd2 Kc6 55. Ke3 Kd5 56. a6 Ba8 57. Bg2+ Kc4 58. Kxf2 d5 59. Ke3 Kc3 60. Bh3 Kc4 61. Bc8 1-0

[Event "Berlin-ch MT"]
[Site "Berlin"]
[Date "2018.04.03"]
[Round "4"]
[White "Nogly, Christoph"]
[Black "Lassan, Christian"]
[Result "0-1"]
[WhiteElo "2258"]
[BlackElo "2117"]
[PlyCount "60"]
[EventDate "2018.03.31"]
[EventType "swiss"]
[EventRounds "9"]
[EventCountry "GER"]
[SourceTitle "EXT 2020"]
[Source "ChessBase"]
[SourceDate "2019.10.17"]
[SourceVersion "1"]
[SourceVersionDate "2019.10.17"]
[SourceQuality "1"]

1. d4 Nf6 2. c4 e6 3. g3 d5 4. Bg2 dxc4 5. Nf3 a6 6. 0-0 Nc6 7. Nc3 Bb4 8. Bg5 0-0 9. e4 h6 10. Bxf6 Qxf6 11. e5 Qe7 12. Qe2 b5 13. Rad1 Bxc3 14. bxc3 Qa3 15. Nd2 Bb7 16. Ne4 Ne7 17. Nf6+ gxf6 18. Bxb7 Rab8 19. Qg4+ Ng6 20. exf6 Rxb7 21. h4 Kh7 22. h5 Rg8 23. d5 Rb6 24. Rfe1 exd5 25. hxg6+ Rxg6 26. Qc8 Qxc3 27. Qxc7 Rbxf6 28. Re7 Qf3 29. Rf1 d4 30. Re8 Rf4 0-1

[Event "Berlin-ch MT"]
[Site "Berlin"]
[Date "2018.04.02"]
[Round "3"]
[White "Lassan, Christian"]
[Black "Kather, Yannick"]
[Result "1-0"]
[WhiteElo "2117"]
[BlackElo "2084"]
[PlyCount "91"]
[EventDate "2018.03.31"]
[EventType "swiss"]
[EventRounds "9"]
[EventCountry "GER"]
[SourceTitle "EXT 2020"]
[Source "ChessBase"]
[SourceDate "2019.10.17"]
[SourceVersion "1"]
[SourceVersionDate "2019.10.17"]
[SourceQuality "1"]

1. e4 c5 2. Nf3 Nc6 3. Bb5 g6 4. Bxc6 dxc6 5. d3 Bg7 6. h3 Nf6 7. Nc3 Nd7 8. Be3 e5 9. Qd2 Qe7 10. Ne2 Nf8 11. 0-0 Ne6 12. c3 0-0 13. Bh6 f6 14. Bxg7 Kxg7 15. Rfe1 Rd8 16. Qe3 Bd7 17. Rad1 Be8 18. Nh2 Bf7 19. g3 g5 20. f4 gxf4 21. gxf4 exf4 22. Nxf4 Nxf4 23. Qxf4 Qe5 24. Qxe5 fxe5 25. b3 Bh5 26. Rd2 Rd6 27. Ng4 Bxg4 28. hxg4 Rad8 29. Red1 Kg6 30. Kg2 Kg5 31. Kg3 a5 32. Kf3 Rf6+ 33. Ke3 Rdf8 34. Rh2 Rf3+ 35. Ke2 Rg3 36. Rxh7 Rg2+ 37. Ke3 Rg3+ 38. Ke2 Rg2+ 39. Ke3 Rgf2 40. Rh3 Kxg4 41. Rdh1 Rxa2 42. Rh4+ Kg5 43. Rh5+ Kg4 44. Rf5 Rb8 45. Rg1+ Kh4 46. Rf7 1-0

[Event "Berlin-ch MT"]
[Site "Berlin"]
[Date "2017.04.17"]
[Round "9"]
[White "Lassan, Christian"]
[Black "Stern, Rene"]
[Result "0-1"]
[WhiteElo "2092"]
[BlackElo "2506"]
[PlyCount "88"]
[EventDate "2017.04.10"]
[EventType "swiss"]
[EventRounds "9"]
[EventCountry "GER"]
[SourceTitle "CBM 189 Extra"]
[Source "ChessBase"]
[SourceDate "2019.06.03"]
[SourceVersion "1"]
[SourceVersionDate "2019.06.03"]
[SourceQuality "1"]

1. e4 e5 2. Nf3 Nc6 3. Bb5 a6 4. Ba4 Nf6 5. 0-0 Be7 6. d3 b5 7. Bb3 d6 8. a3 Na5 9. Ba2 c5 10. Nc3 Be6 11. Nd5 Nxd5 12. Bxd5 Bxd5 13. exd5 Nb7 14. b4 0-0 15. Bd2 Qd7 16. Qe2 h6 17. Ra2 Rac8 18. c3 f5 19. Rfa1 Bf6 20. Ne1 c4 21. a4 cxd3 22. Qxd3 e4 23. Qh3 Rc7 24. axb5 axb5 25. Nc2 Nd8 26. Ra8 Nf7 27. Ne3 g6 28. Nd1 Rxa8 29. Rxa8+ Kg7 30. Be3 Kh7 31. Bb6 Rb7 32. Qe3 Ne5 33. Bd4 Qf7 34. Nb2 Qxd5 35. h3 Bg7 36. Ra6 Rf7 37. Qe2 f4 38. Rb6 f3 39. Qxb5 Qe6 40. Bxe5 Bxe5 41. Nc4 fxg2 42. Kxg2 Qf5 43. Nxe5 Qxf2+ 44. Kh1 Qe1+ 0-1

[Event "Berlin-ch MT"]
[Site "Berlin"]
[Date "2017.04.15"]
[Round "7"]
[White "Lassan, Christian"]
[Black "Wierzbicki, Jirawat"]
[Result "1-0"]
[WhiteElo "2092"]
[BlackElo "2093"]
[PlyCount "95"]
[EventDate "2017.04.10"]
[EventType "swiss"]
[EventRounds "9"]
[EventCountry "GER"]
[SourceTitle "CBM 189 Extra"]
[Source "ChessBase"]
[SourceDate "2019.06.03"]
[SourceVersion "1"]
[SourceVersionDate "2019.06.03"]
[SourceQuality "1"]

1. e4 e5 2. Nf3 Nc6 3. Bb5 a6 4. Ba4 Nf6 5. 0-0 Be7 6. d3 b5 7. Bb3 0-0 8. a3 d6 9. Nc3 Na5 10. Ba2 c5 11. b4 cxb4 12. axb4 Nc6 13. Nd5 Nxd5 14. Bxd5 Qc7 15. c3 Bb7 16. Qb3 Nd8 17. Bd2 Bxd5 18. Qxd5 Ne6 19. Ra3 Rfc8 20. Rfa1 Qb6 21. Be3 Qc6 22. Nd2 Bg5 23. Bxg5 Nxg5 24. c4 bxc4 25. Nxc4 Ne6 26. Qxc6 Rxc6 27. b5 Rc5 28. Rxa6 Rb8 29. b6 Rcc8 30. b7 Rd8 31. Nxd6 Nc5 32. Ra8 f6 33. Rxb8 Rxb8 34. Ra8 Nd7 35. Kf1 Kf8 36. Ke2 g6 37. Ke3 Ke7 38. Rxb8 Nxb8 39. Nc4 Kd7 40. d4 exd4+ 41. Kxd4 Kc6 42. f4 Kxb7 43. Kd5 Kc7 44. Ke6 Nd7 45. e5 fxe5 46. fxe5 Nc5+ 47. Kf7 Kd7 48. Nb6+ 1-0

[Event "Berlin-ch MT"]
[Site "Berlin"]
[Date "2016.03.31"]
[Round "6"]
[White "Emig, Edgar"]
[Black "Lassan, Christian"]
[Result "1-0"]
[WhiteElo "2155"]
[BlackElo "2113"]
[PlyCount "51"]
[EventDate "2016.03.26"]
[EventType "swiss"]
[EventRounds "9"]
[EventCountry "GER"]
[SourceTitle "EXT 2022"]
[Source "ChessBase"]
[SourceDate "2021.10.06"]
[SourceVersion "1"]
[SourceVersionDate "2021.10.06"]
[SourceQuality "1"]

1. e4 c5 2. Nf3 e6 3. Nc3 Nc6 4. g3 Nf6 5. Bg2 d5 6. d3 Be7 7. 0-0 0-0 8. Bf4 a6 9. Re1 d4 10. Ne2 b5 11. c3 Qb6 12. cxd4 cxd4 13. Rc1 Bb7 14. Ne5 Rac8 15. Bh3 Rfd8 16. Nxc6 Bxc6 17. Be5 Bc5 18. Bxf6 gxf6 19. Nf4 Kh8 20. Qh5 Be8 21. Qh6 Bd7 22. Nh5 Bf8 23. Qxf6+ Kg8 24. Rxc8 Rxc8 25. Qg5+ Kh8 26. Qe5+ 1-0

[Event "Berlin-ch MT"]
[Site "Berlin"]
[Date "2016.03.26"]
[Round "1"]
[White "Lahtela, Silvio"]
[Black "Lassan, Christian"]
[Result "1-0"]
[WhiteElo "2278"]
[BlackElo "2113"]
[PlyCount "61"]
[EventDate "2016.03.26"]
[EventType "swiss"]
[EventRounds "9"]
[EventCountry "GER"]
[SourceTitle "EXT 2022"]
[Source "ChessBase"]
[SourceDate "2021.10.06"]
[SourceVersion "1"]
[SourceVersionDate "2021.10.06"]
[SourceQuality "1"]

1. d4 Nf6 2. c4 e6 3. Nc3 d5 4. cxd5 exd5 5. Bg5 c6 6. Qc2 Be7 7. e3 Nbd7 8. Bd3 Nf8 9. Nge2 g6 10. 0-0 Ne6 11. Bh4 Ng7 12. f3 0-0 13. Bf2 Bf5 14. e4 dxe4 15. fxe4 Be6 16. h3 Qa5 17. Be1 Qd8 18. Rb1 Nfh5 19. Bf2 Bh4 20. Qd2 f5 21. Bxh4 Qxh4 22. d5 fxe4 23. Bxe4 Rxf1+ 24. Rxf1 Rd8 25. Qd4 cxd5 26. Rd1 Nf6 27. g3 Qxh3 28. Bg2 Qh5 29. Qxf6 Rf8 30. Qd4 Nf5 31. Qe5 1-0

[Event "Berlin-ch"]
[Site "Berlin"]
[Date "2014.04.24"]
[Round "6"]
[White "Schmidek, Emil"]
[Black "Lassan, Christian"]
[Result "1/2-1/2"]
[WhiteElo "1918"]
[BlackElo "2077"]
[PlyCount "49"]
[EventDate "2014.04.19"]
[EventType "swiss"]
[EventRounds "9"]
[EventCountry "GER"]
[SourceTitle "EXT 2015"]
[Source "ChessBase"]
[SourceDate "2014.11.20"]
[SourceVersion "1"]
[SourceVersionDate "2014.11.20"]
[SourceQuality "1"]

1. e4 e6 2. d4 d5 3. Nc3 Nc6 4. e5 Nge7 5. Nf3 Nf5 6. Ne2 Be7 7. Ng3 0-0 8. c3 f6 9. Nxf5 exf5 10. exf6 Bxf6 11. Be2 g5 12. Bd2 f4 13. Qc2 g4 14. Ng1 Bg5 15. 0-0-0 Bf5 16. Bd3 Qf6 17. f3 h5 18. Bxf5 Qxf5 19. Qxf5 Rxf5 20. fxg4 hxg4 21. h3 f3 22. hxg4 fxg2 23. Rh2 Bxd2+ 24. Rxd2 Rf1+ 25. Rd1 1/2-1/2

[Event "Berlin Lichtenberger op 12th"]
[Site "Berlin"]
[Date "2013.08.22"]
[Round "6"]
[White "Knauer, Frank"]
[Black "Lassan, Christian"]
[Result "0-1"]
[WhiteElo "1846"]
[BlackElo "2102"]
[PlyCount "78"]
[EventDate "2013.08.17"]
[EventType "swiss"]
[EventRounds "9"]
[EventCountry "GER"]
[SourceTitle "CBM 156 Extra"]
[Source "ChessBase"]
[SourceDate "2013.10.22"]
[SourceVersion "1"]
[SourceVersionDate "2013.10.22"]
[SourceQuality "1"]

1. Nf3 Nf6 2. d3 d5 3. g3 g6 4. Bg2 Bg7 5. c4 0-0 6. Nbd2 c5 7. cxd5 Qxd5 8. Nc4 Nc6 9. 0-0 Qd8 10. Bd2 Nd5 11. Rb1 Rb8 12. a3 b5 13. e4 bxc4 14. exd5 Qxd5 15. Bf4 Rb6 16. Ne5 Qe6 17. Nxc6 Rxc6 18. dxc4 Rb6 19. Bd5 Qf5 20. b4 e6 21. Bg2 Bd4 22. Qb3 Bb7 23. Bxb7 Rxb7 24. b5 e5 25. Be3 Rd8 26. Rbd1 Qf3 27. Rd3 e4 28. Qd1 Qf6 29. Rd2 Rbd7 30. a4 Qe6 31. Qe2 Bxe3 32. Rxd7 Rxd7 33. Qxe3 Rd4 34. Rc1 Rxc4 35. Rd1 Kg7 36. a5 Rc2 37. Kg2 h5 38. Rb1 h4 39. Qb3 h3+ 0-1

[Event "Berlin Lichtenberger op 12th"]
[Site "Berlin"]
[Date "2013.08.19"]
[Round "3"]
[White "Lassan, Christian"]
[Black "Barwich, Andreas"]
[Result "1-0"]
[WhiteElo "2102"]
[BlackElo "1935"]
[PlyCount "63"]
[EventDate "2013.08.17"]
[EventType "swiss"]
[EventRounds "9"]
[EventCountry "GER"]
[SourceTitle "CBM 156 Extra"]
[Source "ChessBase"]
[SourceDate "2013.10.22"]
[SourceVersion "1"]
[SourceVersionDate "2013.10.22"]
[SourceQuality "1"]

1. Nf3 c5 2. e3 Nc6 3. c4 d6 4. b3 e5 5. d3 f5 6. Be2 e4 7. dxe4 fxe4 8. Nfd2 Qf6 9. Nxe4 Qxa1 10. Nec3 Nb4 11. Qd2 Bf5 12. Bb2 Nc2+ 13. Qxc2 Bxc2 14. Bxa1 Bxb1 15. Nxb1 Nf6 16. Bf3 0-0-0 17. g4 Be7 18. g5 Nd7 19. h4 Ne5 20. Be4 h5 21. f4 Ng4 22. Ke2 Rhe8 23. Nc3 Bf8 24. Bf5+ Kc7 25. Nd5+ Kc6 26. Bg6 Re6 27. Bxh5 Nh6 28. gxh6 Rxh6 29. Bf3 Kd7 30. h5 Re8 31. Rg1 g6 32. Nf6+ 1-0

[Event "Berlin-ch QT"]
[Site "Berlin"]
[Date "2013.04.07"]
[Round "9"]
[White "Lassan, Christian"]
[Black "Schmidt, Juergen"]
[Result "1-0"]
[WhiteElo "2077"]
[BlackElo "2017"]
[PlyCount "67"]
[EventDate "2013.03.30"]
[EventType "swiss"]
[EventRounds "9"]
[EventCountry "GER"]
[SourceTitle "EXT 2023"]
[Source "ChessBase"]
[SourceDate "2022.10.05"]
[SourceVersion "1"]
[SourceVersionDate "2022.10.05"]
[SourceQuality "1"]

1. e4 e5 2. Nf3 Nc6 3. c3 Nf6 4. d4 exd4 5. e5 Ne4 6. Qe2 d5 7. exd6 f5 8. Nbd2 Qxd6 9. Nxe4 fxe4 10. Qxe4+ Qe7 11. Qxe7+ Bxe7 12. Nxd4 Nxd4 13. cxd4 Be6 14. Be3 0-0 15. a3 c5 16. dxc5 Rac8 17. Rc1 Bf6 18. Bc4 Bxc4 19. Rxc4 Bxb2 20. Ra4 Bc3+ 21. Ke2 a6 22. Rb1 Rf7 23. Rb6 Re7 24. Kd3 Be5 25. Re4 Rd7+ 26. Ke2 Bc3 27. Rc4 Ba5 28. c6 bxc6 29. Rcxc6 Re8 30. Rxa6 Rd2+ 31. Kf3 Rf8+ 32. Kg3 Rd5 33. Rc5 Rxc5 34. Bxc5 1-0

[Event "Berlin-ch QT"]
[Site "Berlin"]
[Date "2013.04.03"]
[Round "5"]
[White "Lassan, Christian"]
[Black "Bubolz, Konstantin"]
[Result "0-1"]
[WhiteElo "2077"]
[BlackElo "2119"]
[PlyCount "70"]
[EventDate "2013.03.30"]
[EventType "swiss"]
[EventRounds "9"]
[EventCountry "GER"]
[SourceTitle "EXT 2023"]
[Source "ChessBase"]
[SourceDate "2022.10.05"]
[SourceVersion "1"]
[SourceVersionDate "2022.10.05"]
[SourceQuality "1"]

1. e4 e6 2. d3 c5 3. Nf3 Nc6 4. g3 Nge7 5. Bg2 g6 6. 0-0 Bg7 7. c3 0-0 8. d4 cxd4 9. cxd4 d5 10. e5 Qb6 11. Nc3 Nf5 12. Na4 Qd8 13. a3 f6 14. g4 fxe5 15. gxf5 e4 16. Bg5 Qe8 17. Ne5 Nxd4 18. f6 Nf3+ 19. Bxf3 exf3 20. fxg7 Rf5 21. Nxf3 Qf7 22. Kg2 Bd7 23. Nc5 Bc6 24. Qd4 e5 25. Nxe5 Rxg5+ 26. Kh1 Rxe5 27. f4 Re2 28. Nd3 Re4 29. Qc5 d4 30. Kg1 Qd7 31. Ne5 Rxe5 32. fxe5 Qg4+ 33. Kf2 Qf3+ 34. Ke1 Qe3+ 35. Kd1 Ba4+ 0-1

[Event "Berlin-ch QT"]
[Site "Berlin"]
[Date "2013.04.01"]
[Round "3"]
[White "Lassan, Christian"]
[Black "Neuenbaumer, Jan Holger"]
[Result "1-0"]
[WhiteElo "2077"]
[BlackElo "1895"]
[PlyCount "73"]
[EventDate "2013.03.30"]
[EventType "swiss"]
[EventRounds "9"]
[EventCountry "GER"]
[SourceTitle "EXT 2023"]
[Source "ChessBase"]
[SourceDate "2022.10.05"]
[SourceVersion "1"]
[SourceVersionDate "2022.10.05"]
[SourceQuality "1"]

1. f4 d5 2. b3 c5 3. e3 Nc6 4. Nf3 Nf6 5. Bb2 e6 6. Bb5 Bd7 7. 0-0 Be7 8. Bxc6 Bxc6 9. d3 0-0 10. Ne5 Rc8 11. Nd2 Nd7 12. Qg4 Bf6 13. Rac1 Nxe5 14. Bxe5 Bxe5 15. fxe5 Qe7 16. d4 cxd4 17. exd4 Bb5 18. c4 dxc4 19. bxc4 Bc6 20. Rc3 f5 21. exf6 Rxf6 22. Rxf6 Qxf6 23. Re3 Rd8 24. Re5 Kh8 25. Nb3 Rf8 26. Qe2 Qg6 27. h3 Qb1+ 28. Kh2 Rf1 29. Rxe6 Qf5 30. Qe3 h5 31. d5 Bd7 32. Re5 Qf7 33. Re7 Qf5 34. Nc5 Bc8 35. Re8+ Kh7 36. Qe4 Qxe4 37. Nxe4 1-0

[Event "GER-ch U18"]
[Site "Willingen"]
[Date "2005.05.21"]
[Round "9"]
[White "Poysti, Nathanael Nicolai"]
[Black "Lassan, Christian"]
[Result "1/2-1/2"]
[WhiteElo "2008"]
[BlackElo "2065"]
[PlyCount "65"]
[EventDate "2005.05.14"]
[EventType "swiss"]
[EventRounds "9"]
[EventCountry "GER"]
[SourceTitle "CBM 106 Extra"]
[Source "ChessBase"]
[SourceDate "2005.07.01"]
[SourceVersion "1"]
[SourceVersionDate "2005.07.01"]
[SourceQuality "1"]

1. d4 d5 2. Nf3 c5 3. Nc3 Nc6 4. a3 cxd4 5. Nxd4 e6 6. Nxc6 bxc6 7. e4 Nf6 8. Bd3 dxe4 9. Nxe4 Nxe4 10. Bxe4 Qxd1+ 11. Kxd1 Bb7 12. Be3 0-0-0+ 13. Ke2 Ba6+ 14. Kf3 Kb7 15. Rhd1 Be7 16. Rxd8 Rxd8 17. g4 Bc4 18. b3 Bd5 19. Bxd5 Rxd5 20. Ke2 a5 21. a4 Bb4 22. Rc1 Bc3 23. Rd1 e5 24. Rd3 Bd4 25. Bxd4 exd4 26. Rh3 h6 27. Kd3 Rc5 28. Rf3 f6 29. Kxd4 Rxc2 30. Ke4 Rc5 31. Rd3 Re5+ 32. Kd4 Kb6 33. Kc3 1/2-1/2

[Event "Pobeskydy Alpress 16th"]
[Site "Frydek Mistek"]
[Date "2005.03.27"]
[Round "7"]
[White "Lassan, Christian"]
[Black "Herbold, Manfred"]
[Result "0-1"]
[WhiteElo "2065"]
[BlackElo "2140"]
[PlyCount "40"]
[EventDate "2005.03.24"]
[EventType "swiss"]
[EventRounds "9"]
[EventCountry "CZE"]
[SourceTitle "CBM 105 Extra"]
[Source "ChessBase"]
[SourceDate "2005.05.01"]
[SourceVersion "1"]
[SourceVersionDate "2005.05.01"]
[SourceQuality "1"]

1. e4 e6 2. d4 b5 3. Bxb5 Bb7 4. Nc3 Bb4 5. Qe2 f5 6. exf5 Bxg2 7. fxe6 Qe7 8. Bg5 Nf6 9. 0-0-0 Bxc3 10. Bxf6 gxf6 11. exd7+ Kd8 12. bxc3 Bxh1 13. Qxe7+ Kxe7 14. Re1+ Kd6 15. Nh3 Bc6 16. Bd3 Bxd7 17. Nf4 Nc6 18. c4 Nxd4 19. c3 Ne6 20. Nd5 Nc5 0-1

[Event "Pobeskydy Alpress 16th"]
[Site "Frydek Mistek"]
[Date "2005.03.25"]
[Round "4"]
[White "Stojanas, Justinas"]
[Black "Lassan, Christian"]
[Result "0-1"]
[WhiteElo "2105"]
[BlackElo "2065"]
[PlyCount "95"]
[EventDate "2005.03.24"]
[EventType "swiss"]
[EventRounds "9"]
[EventCountry "CZE"]
[SourceTitle "CBM 105 Extra"]
[Source "ChessBase"]
[SourceDate "2005.05.01"]
[SourceVersion "1"]
[SourceVersionDate "2005.05.01"]
[SourceQuality "1"]

1. e4 e6 2. Nf3 d5 3. e5 c5 4. b4 cxb4 5. a3 b3 6. cxb3 Nc6 7. d4 Be7 8. Bd3 Bd7 9. Nc3 Rc8 10. Bd2 f6 11. 0-0 fxe5 12. dxe5 Bc5 13. Nxd5 exd5 14. e6 Nf6 15. exd7+ Qxd7 16. Ng5 g6 17. Re1+ Be7 18. Ne6 Nd8 19. Qe2 Qxe6 20. Qxe6 Nxe6 21. Rxe6 Kf7 22. Re2 a6 23. b4 Bd6 24. f3 Rhe8 25. Rxe8 Rxe8 26. Rc1 Nd7 27. a4 Ne5 28. Bf1 Rd8 29. f4 Nd7 30. Bd3 Nf6 31. f5 Ne4 32. fxg6+ hxg6 33. Be3 Ke6 34. b5 axb5 35. axb5 Be5 36. b6 Ra8 37. g3 Ra3 38. Bxe4 dxe4 39. Re1 Rxe3 40. Rxe3 Bd4 41. Kf2 Bxb6 42. Ke2 Bxe3 43. Kxe3 Kf5 44. h3 b5 45. g4+ Kg5 46. Kxe4 b4 47. Kd3 Kh4 48. Ke4 0-1

[Event "Berlin op 06"]
[Site "Berlin"]
[Date "2004.06.13"]
[Round "5"]
[White "Lueders, Gerhard"]
[Black "Lassan, Christian"]
[Result "1-0"]
[WhiteElo "2172"]
[BlackElo "2005"]
[PlyCount "45"]
[EventDate "2004.06.11"]
[EventType "swiss"]
[EventRounds "5"]
[EventCountry "GER"]
[SourceTitle "EXT 2007"]
[Source "ChessBase"]
[SourceDate "2006.11.23"]
[SourceVersion "1"]
[SourceVersionDate "2006.11.23"]
[SourceQuality "1"]

1. d4 c5 2. e3 cxd4 3. exd4 d5 4. c4 Nf6 5. Nc3 e6 6. Nf3 Bb4 7. Bd2 0-0 8. Bd3 dxc4 9. Bxc4 a6 10. 0-0 b5 11. Bd3 Bb7 12. Re1 Bxc3 13. bxc3 Nbd7 14. Ne5 Qc7 15. Re3 g6 16. Qe1 Nxe5 17. dxe5 Nd5 18. Rh3 Rfd8 19. Bg5 Rd7 20. Bf1 Qc5 21. Rc1 Rc7 22. Qd2 Rac8 23. Rd1 1-0

[Event "Berlin op 06"]
[Site "Berlin"]
[Date "2004.06.12"]
[Round "3"]
[White "Kiesekamp, Marcos"]
[Black "Lassan, Christian"]
[Result "1-0"]
[WhiteElo "2135"]
[BlackElo "2005"]
[PlyCount "35"]
[EventDate "2004.06.11"]
[EventType "swiss"]
[EventRounds "5"]
[EventCountry "GER"]
[SourceTitle "EXT 2007"]
[Source "ChessBase"]
[SourceDate "2006.11.23"]
[SourceVersion "1"]
[SourceVersionDate "2006.11.23"]
[SourceQuality "1"]

1. c4 b6 2. d4 e6 3. Nf3 Bb7 4. e3 f5 5. Nc3 Nf6 6. Bd3 Bb4 7. 0-0 Bxc3 8. bxc3 0-0 9. Nd2 d6 10. Qe2 Ne4 11. f3 Nxd2 12. Bxd2 c5 13. e4 fxe4 14. Bxe4 d5 15. Bc2 Qf6 16. dxc5 bxc5 17. Rfe1 Kf7 18. Bg5 1-0

[Event "Berlin op 06"]
[Site "Berlin"]
[Date "2004.06.11"]
[Round "1"]
[White "Lassan, Christian"]
[Black "Katic, Vojo"]
[Result "1-0"]
[WhiteElo "2005"]
[BlackElo "1540"]
[PlyCount "147"]
[EventDate "2004.06.11"]
[EventType "swiss"]
[EventRounds "5"]
[EventCountry "GER"]
[SourceTitle "EXT 2007"]
[Source "ChessBase"]
[SourceDate "2006.11.23"]
[SourceVersion "1"]
[SourceVersionDate "2006.11.23"]
[SourceQuality "1"]

1. e4 e5 2. Nf3 d6 3. Bc4 Bg4 4. Nc3 Nf6 5. d3 Be7 6. Nd5 Nbd7 7. Ne3 Nb6 8. Bxf7+ Kf8 9. Nxg4 Kxf7 10. Ng5+ Kg8 11. c3 h6 12. Qb3+ d5 13. Nxf6+ Bxf6 14. Nf3 Kh7 15. 0-0 c6 16. Re1 Re8 17. Qc2 Qc7 18. Bd2 Rad8 19. d4 Kh8 20. dxe5 Bxe5 21. exd5 Nxd5 22. c4 Nf6 23. Rxe5 Rxe5 24. Bf4 Re1+ 25. Rxe1 Qxf4 26. h3 Qd6 27. Qb3 Qc7 28. Qa3 b6 29. Qe7 Rd7 30. Qf8+ Kh7 31. Qa3 c5 32. Qc3 Qf4 33. Qc2+ Kh8 34. Qe2 Qd6 35. Ne5 Rc7 36. Ng4 Nxg4 37. hxg4 Rd7 38. Qe8+ Kh7 39. Qe4+ Qg6 40. Qe2 Rd4 41. f3 Rd7 42. b3 Qf6 43. Qe4+ Qg6 44. Qa8 Qd3 45. Re8 Qd4+ 46. Kh1 Qf6 47. Rh8+ Kg6 48. Qe4+ Kg5 49. Re8 Rd1+ 50. Kh2 Qf4+ 51. Qxf4+ Kxf4 52. Re4+ Kg5 53. Re7 a5 54. Rxg7+ Kf6 55. Rb7 Rd6 56. f4 Kg6 57. Kh3 h5 58. gxh5+ Kxh5 59. g4+ Kg6 60. Kh4 Kf6 61. g5+ Kf5 62. Rf7+ Ke4 63. f5 Rd8 64. Kh5 Kf4 65. Kg6 Re8 66. Kh6 Rh8+ 67. Kg7 Rh2 68. g6 Kg5 69. Kf8 Rh8+ 70. Ke7 Rg8 71. g7 Rc8 72. f6 Kg6 73. Rf8 Rc7+ 74. Kd6 1-0